01029nam a2200229 a 450000100100000000500170001000800410002704000250006808200300009311000320012324000180015524500840017326000360025730000210029359000250031465000670033971000770040691000370048395201280052095201340064899900170078200001383820200929163352.0091130s19uu dr 000 0 spa d aDO-SdBNPbspacBNPHU a344.729302bR426L, [19--]1 aRepública Dominicana944713a[Leyes, etc.]10aLey num. 1896, sobre seguros sociales con sus enmiendas y disposiciones afines. aSanto Domingo :bIDSS,c[19--]. a101 p. ;c25 cm. aInventariado,2018/DG 4aSeguridad socialxLegislaciónzRepública Dominicana91435122aInstituto Dominicano de Seguros Sociales (República Dominicana)931343 aValidado. Control de calidad MFF 0010718PDaPDbPDcHDd2009-11-30iLF1l0o344.729302 R426L, [19--]p13838-10r2020-06-25w2020-06-25yLFPDZNo se presta 0010718PDaPDbPDcHDd2011-04-11iLF1l0o344.729302 R426L, [19--]p13838-20r2020-06-25te. 2w2020-06-25yLFPDZNo se presta c13449d13449